Europe Currency Quiz - Statistics

General Stats
  • This quiz has been taken 75 times
  • The average score is 38 of 47
Answer Stats
Country Currency % Correct
Austria Euro
100%
Belgium Euro
100%
Cyprus Euro
98%
Finland Euro
98%
France Euro
98%
Germany Euro
98%
Greece Euro
98%
Italy Euro
98%
luxembourg Euro
98%
Malta Euro
98%
Monaco Euro
98%
Netherlands Euro
98%
Portugal Euro
98%
San Marino Euro
98%
Spain Euro
98%
Vatican City Euro
98%
Andorra Euro
96%
Ireland Euro
96%
Latvia Euro
96%
Lithuania Euro
96%
United Kingdom Pound
96%
Estonia Euro
93%
Slovakia Euro
91%
Slovenia Euro
91%
Kosovo Euro
89%
Montenegro Euro
89%
Russia Ruble
83%
Denmark Krone
80%
Norway Krone
78%
Switzerland Franc
74%
Sweden Krona
74%
Belarus Ruble
74%
Iceland Krona
72%
Turkey Lira
67%
Poland Zloty
67%
Albania Lek
63%
Liechtenstein Franc
61%
Serbia Dinar
59%
Bulgaria Lev
57%
Hungary Forint
54%
Czechia Koruna
54%
Moldova Leu
48%
Romania Leu
46%
Croatia Kuna
39%
Bosnia and Herzegovina Convertible Mark
37%
North Macedonia Denar
35%
Ukraine Hryvnia
33%
No matching quizzes found
Score Distribution
Percent of People with Each Score
Percentile by Number Answered
Your Score History
You have not taken this quiz